Govt. of
Madhya Pradesh

Revenge Reconciliation (Record no. 894)

MARC details
000 -LEADER
fixed length control field 005050000a22001930004500
001 - CONTROL NUMBER
control field 000896
003 - CONTROL NUMBER IDENTIFIER
control field MACL
005 - DATE AND TIME OF LATEST TRANSACTION
control field 20151011161756.0
008 - FIXED-LENGTH DATA ELEMENTS--GENERAL INFORMATION
fixed length control field 151011b xxu||||| |||| 00| 0 eng d
040 ## - CATALOGING SOURCE
Original cataloging agency MACL
Transcribing agency MACL
041 ## - LANGUAGE CODE
Language code of text/sound track or separate title English
082 ## - DEWEY DECIMAL CLASSIFICATION NUMBER
Classification number 920/GAN
100 ## - MAIN ENTRY--PERSONAL NAME
Personal name Gandhi, Rajmohan
9 (RLIN) 14443
245 ## - TITLE STATEMENT
Title Revenge Reconciliation
Remainder of title Understanding South Asian History
Statement of responsibility, etc. Rajmohan Gandhi
260 ## - PUBLICATION, DISTRIBUTION, ETC. (IMPRINT)
Place of publication, distribution, etc. New Delhi
Date of publication, distribution, etc. 1999
Name of publisher, distributor, etc. Penguin Books,
350 ## - PRICE (NR) (BK AM CF MU VM SE) [OBSOLETE]
Price 295
650 ## - SUBJECT ADDED ENTRY--TOPICAL TERM
Topical term or geographic name as entry element Biography
9 (RLIN) 14444
942 ## - ADDED ENTRY ELEMENTS (KOHA)
Call number prefix 920
Koha item type Books
Source of classification or shelving scheme
Holdings
Withdrawn status Lost status Source of classification or shelving scheme Damaged status Not for loan Home library Current library Date acquired Cost, normal purchase price Total Checkouts Full call number Barcode Date last seen Uniform Resource Identifier Price effective from Koha item type
          MACL MACL 15/04/2015 295.00   920/GAN CRE012583 02/05/2024 895 15/04/2015 Books